000 00477pab a2200181 454500
008 180718b2005 xxu||||| |||| 00| 0 eng d
100 _aPandey, Sanjay K.
245 _aBeyond stereotypes: a multistage model of managerial perceptions of red tape
260 _c2005
300 _ap.542-75.
362 _aNov
650 _aManagers
650 _aBureaucracy
650 _aManagement
700 _aWelch, Eric W.
773 _aAdministration and Society
909 _a67936
999 _c67936
_d67936